[Event "Tata Steel Chess 2012 GM-B"]
[Site "Wijk aan Zee NED"]
[Date "2012.01.14"]
[Round "1.2"]
[White "Bruzon Batista, Lazaro"]
[Black "Harikrishna, Pentala"]
[Result "0-1"]
[WhiteElo "2691"]
[BlackElo "2665"]
[PlyCount "157"]
[EventDate "2012.01.14"]
[EventType "tourn"]
[EventRounds "13"]
[EventCountry "NED"]
[EventCategory "15"]
[Source "lmi"]
[SourceDate "2012.01.14"]

1. e4 e5 2. Nf3 Nc6 3. Bb5 Nf6 4. O-O Nxe4 5. d4 Nd6 6. Bxc6 dxc6 7. dxe5 Nf5
8. Qxd8+ Kxd8 9. Nc3 Bd7 10. h3 b6 11. b3 Kc8 12. Bb2 h5 13. Ng5 Be8 14. Rad1
Be7 15. Nge4 Kb7 16. Rd3 Rd8 17. Rfd1 Rxd3 18. Rxd3 h4 19. f3 a5 20. Kf2 Kc8
21. Bc1 Bd7 22. Bg5 Bb4 23. Bc1 Re8 24. f4 Be7 25. Bb2 Be6 26. a4 Rh8 27. Ne2
Rf8 28. c4 Bb4 29. Bc3 Ba3 30. Kf3 c5 31. Ng5 Bd7 32. Kf2 Bc6 33. Rd2 f6 34.
Nf3 Kb7 35. exf6 gxf6 36. Rd1 Bb4 37. Bxb4 axb4 38. Rd3 Rg8 39. Ne1 Kc8 40. g4
hxg3+ 41. Nxg3 Nd4 42. Ne2 Be4 43. Re3 Bf5 44. h4 Rh8 45. Ng2 Bc2 46. Nc1 Nf5
47. Rh3 Be4 48. h5 Ng7 49. h6 Nf5 50. Ne3 Rxh6 51. Rxh6 Nxh6 52. Ke1 Nf7 53.
Ne2 Nd8 54. Kd2 Nc6 55. Ng4 f5 56. Ne3 Na5 57. Nc1 Kb7 58. Nd1 c6 59. Nf2 Bb1
60. Nfd3 Ka6 61. Ne5 b5 62. axb5+ cxb5 63. cxb5+ Kxb5 64. Kd1 Be4 65. Nf7 Kc6
66. Kd2 Kd5 67. Ng5 Bb1 68. Kd1 Nc6 69. Ne2 Bd3 70. Nc1 Bb5 71. Kd2 Nd4 72. Ke3
Be8 73. Kd2 Bh5 74. Nh7 Bf7 75. Ng5 Bg8 76. Ke3 Kd6 77. Nf3 Nxb3 78. Ne2 Be6
79. Ng3 0-1